| 000 | 01527cam a22004334i 4500 | ||
|---|---|---|---|
| 003 | PE-LiUPU | ||
| 005 | 20250731173241.0 | ||
| 008 | 150625s r 000 0 d | ||
| 035 | _a(Sirsi) a35304 | ||
| 040 |
_aPE-LiUPU _bspa _cPE-LiUPU _erda |
||
| 049 | _aPRUA | ||
| 082 | 0 | 4 |
_a234 _bC94 _221 |
| 100 | 1 |
_aCullmann, Oscar, _eautor. |
|
| 245 | 1 | 3 |
_aLa Historia de la Salvacion / _cOscar Cullmann. |
| 264 | 1 | _a | |
| 336 |
_atext _2rdacontent |
||
| 337 |
_aunmediated _2rdamedia |
||
| 338 |
_avolume _2rdacarrier |
||
| 505 | 0 | _a | |
| 526 | _aSEG42 | ||
| 526 | _aSEG41 | ||
| 526 | _aSEG40 | ||
| 526 | _aSEG39 | ||
| 526 | _aP94 | ||
| 526 | _aP87 | ||
| 526 | _aP86 | ||
| 526 | _aP85 | ||
| 526 | _aP77 | ||
| 526 | _aP76 | ||
| 526 | _aP35 | ||
| 942 |
_2ddc _cBOOK |
||
| 949 |
_a234 C94 _wDEWEY _c1 _i11407 _lCCODEBUL1 _mBUL _p00.00 _r0 _sY _tBOOK _u2015-06-25 _xBIBLIOTECA _zUNKNOWN _0COMPRA _o.STAFF. Colección General |
||
| 949 |
_a234 C94 _wDEWEY _c2 _i09316 _lCCODEBUL1 _mBUL _p00.00 _r0 _sY _tBOOK _u2015-06-25 _xBIBLIOTECA _zUNKNOWN _0COMPRA _o.STAFF. Colección General |
||
| 596 | _a1 | ||
| 999 |
_a234 C94 _wDEWEY _c43254 _i11407 _d43254 _e2019-6-12 _f2021-11-11 _g5 _lCCODEBUL1 _mBUL _n4 _p30.00 _q5 _r0 _sY _tBOOK _u2015-6-25 _xTEOLOGIA _PP35 _0COMPRA _o.STAFF. Colección Teología |
||
| 999 |
_a234 C94 _wDEWEY _c2 _i09316 _d2018-5-31 _e2018-5-27 _f2019-12-10 _g4 _lDISCARD _mBUL _n4 _r1 _sY _tBOOK _u2015-6-25 _xUNKNOWN _zUNKNOWN _0COMPRA _o.STAFF. Colección General |
||
| 980 |
_81 _gALBERTO SANCHEZ Responsable de Automatización |
||